Microsoft word 5 for the macintosh
| Main Author: | |
|---|---|
| Format: | Book |
| Published: |
New York :
Osborne McGraw-Hill ,
1992
|
| Subjects: |
MARC
| LEADER | 00000cam a2200000 7i4500 | ||
|---|---|---|---|
| 001 | 0000009862 | ||
| 002 | 000010740 | ||
| 005 | 20000330.0 | ||
| 020 | |a 0078817692 | ||
| 090 | 0 | 0 | |a 652.541 |b HOF |
| 100 | 1 | |a Hoffman |c Paul | |
| 245 | 1 | 0 | |a Microsoft word 5 for the macintosh |c Paul Hoffman |
| 260 | |a New York : |b Osborne McGraw-Hill , |c 1992 | ||
| 300 | |a 315p. ; |c 17cm. | ||
| 650 | 0 | 0 | |a Microsoft word 5 (computer programs) |
| 999 | |a 053047 |b BUKU |c PINJAMAN |e PERPUSTAKAAN KOMUNITI PETALING JAYA | ||